000 00944nas a2200289 4500
001 BR2012003425
003 BR-BrBNA
005 20231205120540.0
007 ta
008 230509b bl.|||p| |||| 00| 00por d
040 _aBR-BrBNA
_bpor
_cBiblioteca Nacional de Agricultura
041 _a(Pt)
072 _aF70
100 1 _aCastro, A.S.F.
100 1 _aMoro, M.F.
100 1 _aMenezes, M.O.T. de
245 1 _aO complexo vegetacional da Zona Litorânea no Ceará: Pecém, São Gonçalo do Amarante
246 1 _aThe vegetation complex of the coastal zone of Ceará: Pecém, São Gonçalo do Amarante
650 _aVEGETAÇÃO
650 _aRESTINGA
650 _aDISTRIBUIÇÃO GEOGRÁFICA
650 _aINVENTÁRIO
650 _aCEARÁ
773 0 _tActa Botanica Brasilica (Brazil)
_xISSN 0102-3306
_g(Jan-Mar 2012), v. 26(1) p. 108-124
_wBR2012003425
909 _a202311
_bLúcia
_c55
_dLúcia Elande
942 _2AGRIS
_n0
_cANA
999 _c219077
_d219077